Využitie umelej inteligencie sprostredkovateľskými spoločnosťami bakalárska práca

Enregistré dans:
Détails bibliographiques
Auteur principal: Hillis, Adel
Collectivité auteur: Národohospodárska fakulta EU. Katedra poisťovníctva
Autres auteurs: Slobodník, Branislav, 1997-
Format: Livre
Langue:slovaque
Publié: Bratislava 2025
Tags: Ajouter un tag
Pas de tags, Soyez le premier à ajouter un tag!

MARC

LEADER 00000nbm a2200000 4500
001 0309433
005 20251126092542.6
041 0 |a slo 
044 |a SK 
245 1 0 |a Využitie umelej inteligencie sprostredkovateľskými spoločnosťami  |b bakalárska práca  |c Adel Hillis ; školiteľ: Branislav Slobodník 
264 1 |a Bratislava  |c 2025 
300 |a 52 s. 
100 1 |a Hillis, Adel 
700 1 |a Slobodník, Branislav, 1997- 
710 2 |a Národohospodárska fakulta EU. Katedra poisťovníctva